000 01247naa a2200361 c 4500
001 36822
003 ES-MaCES
005 20150929135552.0
008 060706n2006 fr t 000 | fre d
035 _aCES20060010944v
040 _aES-MaCES
_bspa
_cES-MaCES
100 1 _aDauderstädt, Michael
_910389
245 1 0 _aPartis de gauche et intégration à l'UE
_b: Le "oui mais..."dans les nouveaux Etats membres
_cMichael Dauderstädt, Britta Joerissen
650 4 _aHungría
_926949
650 4 _aEslovenia
_930487
650 4 _aLituania
_930480
650 4 _aLetonia
_930479
650 4 _aEstonia
_930481
650 4 _aEslovaquia
_930496
650 4 _aRepública Checa
_930495
650 4 _aPolonia
_926959
650 4 _apolítica económica
_927025
650 4 _aadhesión de miembros
_930972
650 4 _aintegración económica
_927962
650 4 _aideología política
_927239
653 1 0 _aMercado Único Europeo
650 4 _926752
_aUE
700 1 _aJoerissen, Britta
_915474
773 0 _tLe courrier des pays de l'Est
_gn. 1054 (mars - avril 2006){55/962 R. 064871}; p. 4-25
_w(ES-MaCES)25924
_977810
902 _aART Artículo de revista
942 _2CES
_cAR
_h1.0.
999 _c36822
_d36822